000 00243nam a22001097a 4500
008 170116b xxu||||| |||| 00| 0 eng d
020 _a100763748579
041 _aeng
080 _29TH
_a618.2
245 _aEMERGENCY
_cBREWER, C
942 _2udc
_cBK
999 _c2958
_d2958